LEADER 01241nam a2200277 i 4500 001 000000245097 003 CaOOAMICUS 005 20240214103104.0 008 151015s2014 sp u000 u spa u 020 $a978-84-9805-684-6 040 $aSeMil$bita 100 1 $aFontbona, Jaume.$0(OLS)http://semarc/name/42808 240 10$aEls sagraments de la iniciació cristiana.$0(OLS)http://semarc/title/346868 245 14$aLos sacramentos de la iniciación cristiana /$cJaume Fontbona i Missé. 264 1$aBarcelona :$bCentre de Pastoral Litúrgica,$c2014. 300 $a426 p. ;$c23 cm. 490 1 $aBiblioteca litúrgica ;$v45 650 4$aIniziazione cristiana - Teologia liturgica.$0(OLS)http://semarc/subject/15812 830 0$aBiblioteca litúrgica ;$v45.$0(OLS)http://semarc/title/18205 850 $aSeMil 852 $aSeMil$W1$xVenegono$y1$m2B V 66$j195443$B195443$CSeMilBibl$Z2$F206839 $81 961 $aOmaggio: Caspani don Pierpaolo 996 $6020$a978-84-9805-684-6$9(OLS)http://semarc/number/253599 996 $6245$aLos sacramentos de la iniciación cristiana$9(OLS)http://semarc/title/346867 996 $6264$aBarcelona :$bCentre de Pastoral Litúrgica$9(OLS)http://semarc/publisher/30815 LEADER 00863nam a2200229 i 4500 001 000000159650 003 CaOOAMICUS 005 20240516113055.0 008 110408s19uu it u000 u ita u 013 $a137013 040 $aSeMil$bita 245 10$aDi Napoleone 1. 260 $a[S.l. :$bs.n.,$c190?] 300 $aP. 163-176 ;$c24 cm. 500 $aEstratto mutilo delle prime pagine. - Da allegare all'estratto con segnatura 5A-II-14/9 FA 600 04$aNapoleone I : Bonaparte .$0(OLS)http://semarc/subject/350 773 0 $t[Miscellanea.$w()24700 850 $aSeMil 852 $aSeMil$W1$xVenegono$y1$m5A II 14/7 FA$j248119$B111207$CSeMilBibl$Z2$F120852 $8I 996 $6245$aDi Napoleone 1$9(OLS)http://semarc/title/141831 996 $6260$a[S.l. :$bs.n.$9(OLS)http://semarc/publisher/31686